Introducción a la teoría del derecho /
Guardado en:
| Autor Principal: | |
|---|---|
| Otros Autores: | |
| Formato: | Desconocido |
| Idioma: | Spanish |
| Publicado: |
Madrid :
Marcial Pons,
2004
|
| Edición: | 1a. ed. |
| Series: | Filosofía y derecho
|
| Materias: | |
| Etiquetas: |
Agregar Etiqueta
Sin Etiquetas, Sea el primero en etiquetar este registro!
|
| LEADER | 01187nac a22003015a 4500 | ||
|---|---|---|---|
| 001 | DER.der013576 | ||
| 008 | 180615s2004####sp#||||||||||||||#||spa|| | ||
| 005 | 20250916145532.0 | ||
| 245 | 1 | 0 | |a Introducción a la teoría del derecho / |c José Juan Moreso, Josep Maria Vilajosana. |
| 250 | |a 1a. ed. | ||
| 260 | |a Madrid : |b Marcial Pons, |c 2004 | ||
| 300 | |a 221 p. | ||
| 440 | 0 | |a Filosofía y derecho | |
| 020 | |a 8497681622 | ||
| 100 | 1 | |a Moreso, José Juan | |
| 700 | 1 | |a Vilajosana, Josep Maria | |
| 650 | 7 | |a INTRODUCCION AL DERECHO | |
| 859 | |a DERECHO |b BIB. DERECHO |h 340.11 |i MOR |p 008589 | ||
| 859 | |a DERECHO |b BIB. DERECHO |h 340.11 |i MOR |p 008590 |t 1 | ||
| 859 | |a DERECHO |b BIB. DERECHO |h 340.11 |i MOR |p 008591 |t 2 | ||
| 859 | |a DERECHO |b BIB. DERECHO |h 340.11 |i MOR |p 008592 |t 3 | ||
| 859 | |a DERECHO |b BIB. DERECHO |h 340.11 |i MOR |p 008593 |t 4 | ||
| 859 | |a DERECHO |b BIB. DERECHO |h 340.11 |i MOR |p 008594 |t 5 | ||
| 859 | |a DERECHO |b BIB. DERECHO |h 340.11 |i MOR |p 008595 |t 6 | ||
| 859 | |a DERECHO |b BIB. DERECHO |h 340.11 |i MOR |p 008596 |t 7 | ||
| 859 | |a DERECHO |b BIB. DERECHO |h 340.11 |i MOR |p 008597 |t 8 | ||
| 859 | |a DERECHO |b BIB. DERECHO |h 340.11 |i MOR |p 008598 |t 9 | ||
| 859 | |a DERECHO |b BIB. DERECHO |h 340.11 |i MOR |p 008608 |t 10 | ||
